zpět

Detail výsledku týmu

Le fakap - Vypich, Praha

Datum a čas kvízu

16 Celkem bodů Celkový počet nahraných bodů na tomto kvízu bez doplňovacích otázek.
11. Pořadí na kvízu Konečné umístění týmu na tomto kvízu.

Zaznamenané odpovědi

# Otázka Odpověď Body Výsledky
1. Český premiér Andrej Babiš při... o pistoli 0
2. Je všeobecně známo, že Čína dl... turisté prý špatně snášejí vysokou nadmořskou výšku 0
3. 4. březen se zřejmě stane čern... Luke Perry, Keith Flint 1
4. Britské aerolinky Virgin Atlan... nemusí být namalované 0
5. Klub NBA Washington Wizards ot... Tomáš Satoranský 0
6. V prvních čtyřech otázkách tém... Božena Němcová, Babička 1
7. "Ačkoli nemám rád všechna ta p... Zdeněk Jirotka, Saturnin 0
8. Zde prosíme celé jméno autora... Josef Čapek, Povídání o pejskovi a kočičce 0.5
9. Zde nejde o první větu, ale je... Vladislav Vančura, Rozmarné léto 0
10. "V jednom kupé druhé třídy ryc... B 1